|
|
|
|
| LEADER |
00000cam a22000004a 4500 |
| 001 |
musev2_18539 |
| 003 |
MdBmJHUP |
| 005 |
20230905042009.0 |
| 006 |
m o d |
| 007 |
cr||||||||nn|n |
| 008 |
070725s2008 ilu o 00 0 eng d |
| 010 |
|
|
|z 2019718421
|
| 020 |
|
|
|a 9780252091124
|
| 020 |
|
|
|z 9780252032035
|
| 020 |
|
|
|z 9780252074486
|
| 035 |
|
|
|a (OCoLC)785781191
|
| 040 |
|
|
|a MdBmJHUP
|c MdBmJHUP
|
| 245 |
0 |
0 |
|a Ramblin' on My Mind :
|b New Perspectives on the Blues /
|c edited by David Evans.
|
| 264 |
|
1 |
|a Urbana :
|b University of Illinois Press,
|c [2008]
|
| 264 |
|
3 |
|a Baltimore, Md. :
|b Project MUSE,
|c 2013
|
| 264 |
|
4 |
|c ©[2008]
|
| 300 |
|
|
|a 1 online resource (440 pages).
|
| 336 |
|
|
|a text
|b txt
|2 rdacontent
|
| 337 |
|
|
|a computer
|b c
|2 rdamedia
|
| 338 |
|
|
|a online resource
|b cr
|2 rdacarrier
|
| 490 |
0 |
|
|a African American music in global perspective
|
| 505 |
0 |
|
|a Bourdon, blue notes, and pentatonism in the blues: an Africanist perspective / Gerhard Kubik -- "They cert'ly sound good to me": sheet music, Southern vaudeville, and the commercial ascendancy of the blues / Lynn Abbott and Doug Seroff -- Abbe Niles, blues advocate / Elliott S. Hurwitt -- The hands of blues guitarists / Andrew M. Cohen -- From Bumble Bee Slim to Black Boy Shine: nicknames of blues singers / David Evans -- Preachin' the blues: a textual linguistic analysis of Son House's "Dry spell blues" / Luigi Monge -- Some ramblings on Robert Johnson's mind: critical analysis and aesthetic value in Delta blues / James Bennighof -- "Guess these people wonder what I'm singing": quotation and reference in Ella Fitzgerald's "St. Louis blues" / Katharine Cartwright -- Beyond the mushroom cloud: a decade of disillusion in black blues and gospel song / Bob Groom -- Houston creoles and zydeco: the emergence of an African American urban popular style / John Minton.
|
| 520 |
8 |
|
|a Distinguished scholars and well-established writers from such diverse backgrounds as musicology, anthropology, musicianship, and folklore join together to examine blues as literature, music, personal expression, and cultural product.
|
| 546 |
|
|
|a English.
|
| 588 |
|
|
|a Description based on print version record.
|
| 650 |
0 |
7 |
|a Blues.
|2 swd
|
| 650 |
|
7 |
|a Blues.
|2 sao
|
| 650 |
|
7 |
|a Blues
|2 gnd
|
| 650 |
|
7 |
|a Blues (Music)
|2 fast
|0 (OCoLC)fst00835056
|
| 650 |
|
7 |
|a African Americans
|x Music.
|2 fast
|0 (OCoLC)fst00799648
|
| 650 |
|
7 |
|a MUSIC
|x Genres & Styles
|x Soul & R 'n B.
|2 bisacsh
|
| 650 |
|
7 |
|a MUSIC
|x Genres & Styles
|x Blues.
|2 bisacsh
|
| 650 |
|
0 |
|a Blues (Music)
|x History and criticism.
|
| 655 |
|
7 |
|a Criticism, interpretation, etc.
|2 fast
|0 (OCoLC)fst01411635
|
| 655 |
|
0 |
|a Electronic book.
|
| 655 |
|
7 |
|a Electronic books.
|2 local
|
| 700 |
1 |
|
|a Evans, David,
|d 1944-
|
| 710 |
2 |
|
|a Project Muse.
|e distributor
|
| 830 |
|
0 |
|a Book collections on Project MUSE.
|
| 856 |
4 |
0 |
|z Texto completo
|u https://projectmuse.uam.elogim.com/book/18539/
|
| 945 |
|
|
|a Project MUSE - Custom Collection
|
| 945 |
|
|
|a Project MUSE - Archive Global Cultural Studies Supplement
|
| 945 |
|
|
|a Project MUSE - Archive Complete Supplement
|